Artritis y enfermedades afines / (Record no. 28133)

MARC details
000 -LEADER
campo de control de longitud fija 00571nam a2200169 i 4500
001 - NÚMERO DE CONTROL
campo de control 28133
003 - IDENTIFICADOR DE NÚMERO DE CONTROL
campo de control ES-MaACL
005 - FECHA Y HORA DE LA ÚLTIMA TRANSACCIÓN
campo de control 20230906153755.0
007 - CAMPO FIJO DE DESCRIPCIÓN FÍSICA--INFORMACIÓN GENERAL
campo de control de longitud fija t|
008 - DATOS DE LONGITUD FIJA--INFORMACIÓN GENERAL
campo de control de longitud fija 030116s1949 sp ||||1| spa d
100 1# - ENTRADA PRINCIPAL--NOMBRE DE PERSONA
Nombre de persona Bach, Theodore Franklin.
9 (RLIN) 24462
245 10 - MENCIÓN DEL TÍTULO
Título Artritis y enfermedades afines /
Mención de responsabilidad, etc. Dirigidas por Theodore Franklin Bach ; traducción directa del inglés por J. Casas Carnicero.
260 ## - PUBLICACIÓN, DISTRIBUCIÓN, ETC.
Lugar de publicación, distribución, etc. Madrid :
Nombre del editor, distribuidor, etc. Radar,
Fecha de publicación, distribución, etc. 1949 (
Fabricante Nebrija)
300 ## - DESCRIPCIÓN FÍSICA
Extensión 515 p. :
Otras características físicas il. ;
Dimensiones 24 cm.
700 1# - ENTRADA AGREGADA--NOMBRE PERSONAL
Nombre de persona Casas Carnicero, Jesús.
9 (RLIN) 36216
852 ## - LOCALIZACIÓN
Ubicación ES-MaACL
Número de control de estantería E-1627
Sublocalización o colección R.28657
Holdings
Estatus retirado Estado de pérdida Estado de daño No para préstamo Biblioteca de origen Biblioteca actual Ubicación en estantería Fecha de adquisición Fuente de adquisición Total de préstamos Signatura topográfica completa Código de barras Visto por última vez Precio de reemplazo Tipo de ítem Koha
        Biblioteca del Ateneo de Madrid Biblioteca del Ateneo de Madrid Depósito 2 17/01/2008     E-1627 1029044 23/02/2023 23/02/2023 Libro impreso